[Event "10th 4NCL Congress"]
[Site "Wakefield"]
[Date "2016.09.11"]
[Round "4.1"]
[White "Hebden, Mark L"]
[Black "Mcphillips, Joseph"]
[Result "0-1"]
[WhiteElo "2516"]
[BlackElo "2341"]
[PlyCount "82"]
[EventDate "2016.09.09"]

1. d4 d5 2. Nf3 Nf6 3. c4 c6 4. e3 Bg4 5. h3 Bh5 6. Nc3 e6 7. g4 Bg6 8. Ne5
Nbd7 9. Nxg6 hxg6 10. a3 g5 11. Qf3 Be7 12. Bd2 a6 13. cxd5 cxd5 14. Bd3 Rc8
15. O-O b5 16. a4 b4 17. Na2 a5 18. Nc1 e5 19. Bb5 e4 20. Qg2 Rc2 21. Nb3 Rxb2
22. Rab1 Rxb1 23. Rxb1 Kf8 24. Rc1 g6 25. Qg3 Kg7 26. Rc6 Nb8 27. Rc2 Bd6 28.
Qg2 Rh4 29. f3 Qh8 30. Bf1 exf3 31. Qxf3 Rxg4+ 32. Kh1 Rg3 33. Qe2 Ng4 34. Bc1
Rxh3+ 35. Bxh3 Qxh3+ 36. Kg1 Bh2+ 37. Kh1 Bg3+ 38. Kg1 Bf2+ 39. Qxf2 Nxf2 40.
Rxf2 Qg4+ 41. Kh2 Qd1 0-1

[Event "10th 4NCL Congress"]
[Site "Wakefield"]
[Date "2016.09.11"]
[Round "4.2"]
[White "Abbas, Daniel"]
[Black "Horton, Jamie A"]
[Result "1/2-1/2"]
[WhiteElo "2279"]
[BlackElo "2127"]
[PlyCount "125"]
[EventDate "2016.09.09"]

1. e4 c5 2. Nf3 g6 3. d4 cxd4 4. Nxd4 Nc6 5. Nc3 Bg7 6. Nde2 Nf6 7. g3 O-O 8.
Bg2 d6 9. O-O Bd7 10. h3 Rc8 11. a4 Na5 12. Ra2 Be6 13. b3 Nd7 14. Nb5 Nc6 15.
Bb2 Bxb2 16. Rxb2 Nc5 17. Nf4 a6 18. Nd4 Nxd4 19. Qxd4 Bd7 20. Nd5 Bc6 21. Nc3
Nd7 22. Rd1 Qb6 23. Qd2 Rfe8 24. Rbb1 Qb4 25. Qe3 Qc5 26. Qd2 Qb4 27. h4 Nf6
28. Nd5 Nxd5 29. exd5 Qxd2 30. Rxd2 Bd7 31. c4 Rc7 32. Rd4 a5 33. Be4 Kg7 34.
Bc2 Ra8 35. Re1 Re8 36. Re2 Bc8 37. Kg2 Bd7 38. f3 Kf6 39. g4 Kg7 40. Kg3 h6
41. Rd1 Bc8 42. Rh2 Rd8 43. Rhd2 Bd7 44. Re1 Bc8 45. f4 Rg8 46. Rh1 h5 47. g5
Bf5 48. Bxf5 gxf5 49. Re1 Rd8 50. Rde2 Rdd7 51. Kf3 b6 52. Ke3 Ra7 53. Kd4 Rdc7
54. Rg1 Ra8 55. Rge1 Raa7 56. Rb2 Rc5 57. Re3 Kg6 58. Rbe2 Rcc7 59. Ra2 Rc5 60.
Re1 Kg7 61. Rb1 Kg6 62. Re2 Kg7 63. Rbe1 1/2-1/2

[Event "10th 4NCL Congress"]
[Site "Wakefield"]
[Date "2016.09.11"]
[Round "4.3"]
[White "Jaunooby, Ali Reza"]
[Black "Jones, Steven A"]
[Result "1/2-1/2"]
[WhiteElo "2139"]
[BlackElo "2175"]
[PlyCount "61"]
[EventDate "2016.09.09"]

1. d4 Nf6 2. c4 g6 3. f3 Bg7 4. e4 d6 5. Nc3 O-O 6. Be3 c5 7. d5 e6 8. dxe6
fxe6 9. Qd2 Qe7 10. O-O-O Ne8 11. h4 a6 12. h5 b5 13. hxg6 hxg6 14. cxb5 axb5
15. Bxb5 Bd7 16. Bc4 Nc6 17. Bxc5 Ne5 18. Bxd6 Nxd6 19. Qxd6 Qg5+ 20. Qd2 Qxd2+
21. Rxd2 Nxc4 22. Rxd7 Bxc3 23. bxc3 Rxa2 24. Rhh7 Rfa8 25. Rhg7+ Kh8 26. Rh7+
Kg8 27. Rdg7+ Kf8 28. Rc7 Kg8 29. Rhe7 Rf2 30. Rg7+ Kh8 31. Rh7+ 1/2-1/2

[Event "10th 4NCL Congress"]
[Site "Wakefield"]
[Date "2016.09.11"]
[Round "4.4"]
[White "Levitt, Jonathan P"]
[Black "Bin-Suhayl, Ieysaa"]
[Result "1-0"]
[WhiteElo "2415"]
[BlackElo "1899"]
[PlyCount "101"]
[EventDate "2016.09.09"]

1. d4 Nf6 2. c4 c5 3. d5 b5 4. cxb5 a6 5. b6 e6 6. Nc3 exd5 7. Nxd5 Nxd5 8.
Qxd5 Nc6 9. Nf3 Rb8 10. e4 Be7 11. Bc4 O-O 12. O-O Rxb6 13. Ng5 Qe8 14. Qf5
Bxg5 15. Qxg5 d6 16. f3 Nd4 17. b3 Qe5 18. Qxe5 dxe5 19. Ba3 Rc6 20. Rac1 Rd8
21. Rfd1 Be6 22. Bxe6 Nxe6 23. Rxd8+ Nxd8 24. Rxc5 Rxc5 25. Bxc5 Nb7 26. Ba3 f6
27. Kf2 Kf7 28. Ke3 g6 29. Kd3 Ke6 30. Kc4 f5 31. Bf8 Kf7 32. Bc5 Ke6 33. a4 h5
34. b4 fxe4 35. fxe4 g5 36. b5 axb5+ 37. Kxb5 Kd7 38. a5 Kc7 39. a6 Nd8 40.
Bb6+ Kb8 41. Bxd8 g4 42. Bf6 Kc8 43. Bxe5 h4 44. Bf6 h3 45. gxh3 gxh3 46. e5
Kb8 47. e6 Ka8 48. e7 Ka7 49. Bd4+ Kb8 50. Kb6 Kc8 51. e8=Q# 1-0

[Event "10th 4NCL Congress"]
[Site "Wakefield"]
[Date "2016.09.11"]
[Round "4.5"]
[White "Shaw, Peter"]
[Black "Merry, Alan B"]
[Result "0-1"]
[WhiteElo "2143"]
[BlackElo "2396"]
[PlyCount "86"]
[EventDate "2016.09.09"]

1. d4 Nf6 2. c4 c5 3. d5 e6 4. Nc3 exd5 5. cxd5 d6 6. Nf3 g6 7. Bf4 a6 8. e4 b5
9. Qe2 Be7 10. Qc2 O-O 11. a4 b4 12. Nd1 Re8 13. Nd2 Nh5 14. Be3 f5 15. exf5
Bxf5 16. Bd3 Bxd3 17. Qxd3 Nd7 18. Nc4 Bf6 19. O-O Qe7 20. Qd2 Ne5 21. Nxe5
Qxe5 22. Rc1 Bg7 23. b3 Rad8 24. Bg5 Rd7 25. Qe3 Qxe3 26. Nxe3 Re5 27. Bh4 Nf4
28. Rcd1 Ne2+ 29. Kh1 Re4 30. Bg3 h5 31. Nc4 h4 32. Bxd6 Rxc4 33. bxc4 Rxd6 34.
Rde1 Nc3 35. Re8+ Kf7 36. Rfe1 Rd7 37. a5 Nd1 38. Ra8 Nxf2+ 39. Kg1 Bd4 40. Re6
b3 41. Rexa6 b2 42. Rb6 Nd3+ 43. Kf1 Nb4 0-1

[Event "10th 4NCL Congress"]
[Site "Wakefield"]
[Date "2016.09.11"]
[Round "4.6"]
[White "Johnson, Paul A"]
[Black "Spence, David J"]
[Result "1/2-1/2"]
[WhiteElo "1859"]
[BlackElo "2201"]
[PlyCount "116"]
[EventDate "2016.09.09"]

1. d4 e6 2. Nf3 Nf6 3. e3 c5 4. Bd3 cxd4 5. exd4 b6 6. O-O Bb7 7. c4 Be7 8. Nc3
d5 9. b3 O-O 10. Bb2 Nc6 11. cxd5 Nxd5 12. Nxd5 Qxd5 13. Qe2 Nb4 14. Bc4 Qh5
15. Ne5 Qxe2 16. Bxe2 Rac8 17. Rac1 f6 18. Nc4 Rfd8 19. a3 Nd5 20. Bf3 Kf7 21.
g3 Ba6 22. Rfe1 Bf8 23. Bg2 Ne7 24. Ne3 Bb5 25. Bb7 Rxc1 26. Rxc1 Rd7 27. Bg2
Ba6 28. f4 Bb7 29. Bxb7 Rxb7 30. Kf2 Rd7 31. Rc2 h5 32. h3 g6 33. g4 hxg4 34.
hxg4 Bg7 35. Ke2 Bh6 36. Kf3 g5 37. f5 exf5 38. Nxf5 Nxf5 39. gxf5 Bf8 40. Rd2
Bd6 41. d5 Bf4 42. Rd3 Rd8 43. a4 Rh8 44. Ba3 Be5 45. Kg2 Ke8 46. Rh3 Rxh3 47.
Kxh3 Kd7 48. Kg4 a6 49. Kf3 b5 50. axb5 axb5 51. Bb4 Bd6 52. Bc3 Be7 53. Ke4 b4
54. Bd4 Kc7 55. Bf2 Kd7 56. Bd4 Ke8 57. d6 Bxd6 58. Bxf6 g4 1/2-1/2

[Event "10th 4NCL Congress"]
[Site "Wakefield"]
[Date "2016.09.11"]
[Round "4.7"]
[White "Jayawarna, Nugith"]
[Black "Sowray, Peter J"]
[Result "1/2-1/2"]
[WhiteElo "1998"]
[BlackElo "2348"]
[PlyCount "71"]
[EventDate "2016.09.09"]

1. c4 e5 2. g3 Nf6 3. Bg2 c6 4. Nf3 e4 5. Ng5 d5 6. cxd5 cxd5 7. d3 Bb4+ 8. Bd2
Bxd2+ 9. Qxd2 h6 10. Nh3 O-O 11. Nc3 Bxh3 12. Bxh3 Nc6 13. Bg2 Re8 14. O-O Qe7
15. e3 Rad8 16. Qe2 Rd6 17. dxe4 dxe4 18. Rfd1 Re6 19. a3 Re5 20. Rd2 Qe6 21.
Nb5 Qb3 22. Nd6 Rd8 23. Rad1 Re7 24. Nxe4 Nxe4 25. Rxd8+ Nxd8 26. Rxd8+ Kh7 27.
Qd3 Qxd3 28. Rxd3 f5 29. Kf1 Rc7 30. Bxe4 fxe4 31. Rc3 Re7 32. Ke2 Kg6 33. Rc5
Kf6 34. b4 Rd7 35. a4 Ke6 36. h4 1/2-1/2

[Event "10th 4NCL Congress"]
[Site "Wakefield"]
[Date "2016.09.11"]
[Round "4.8"]
[White "Rita, Joao"]
[Black "Horton, Andrew P"]
[Result "0-1"]
[WhiteElo "1963"]
[BlackElo "2296"]
[PlyCount "154"]
[EventDate "2016.09.09"]

1. e4 e5 2. Nf3 Nc6 3. Bc4 Bc5 4. b4 Bxb4 5. c3 Be7 6. d4 Na5 7. Be2 d6 8. O-O
Nf6 9. Qa4+ c6 10. dxe5 dxe5 11. Nxe5 b5 12. Qc2 Qc7 13. f4 O-O 14. c4 Bc5+ 15.
Kh1 Bd4 16. Bb2 Bxb2 17. Qxb2 Nxc4 18. Nxc4 bxc4 19. Nc3 Rb8 20. Qa3 Rd8 21.
Bxc4 Rd4 22. Qc5 Qb6 23. Qxb6 axb6 24. Rad1 Rxd1 25. Rxd1 Bg4 26. Rd6 b5 27. h3
b4 28. Na4 Nxe4 29. Rxc6 Bd7 30. Rb6 Rxb6 31. Nxb6 Be6 32. Bxe6 fxe6 33. Nc4
Nc3 34. a3 bxa3 35. Nxa3 Ne2 36. Kh2 Nxf4 37. Kg3 Nd5 38. Kf3 Kf7 39. Nc4 Kf6
40. Ke4 Ke7 41. Ke5 Nf6 42. g4 Nd7+ 43. Kf4 Nf8 44. Ke5 Ng6+ 45. Ke4 Kf6 46.
Nd6 h6 47. Ne8+ Kf7 48. Nd6+ Ke7 49. Nc4 Nh8 50. h4 Ng6 51. h5 Nh8 52. Ne5 Nf7
53. Ng6+ Kf6 54. Nf8 Ng5+ 55. Ke3 Nf7 56. Ke4 Nd6+ 57. Kf3 Kf7 58. Nd7 Ke7 59.
Ne5 Kf6 60. Nd7+ Ke7 61. Ne5 Nf7 62. Ng6+ Kf6 63. Nf8 Ng5+ 64. Ke3 Ke7 65. Ng6+
Kd6 66. Kf4 Nh7 67. Ne5 Nf6 68. Nf7+ Ke7 69. Ne5 Nd5+ 70. Ke4 Nf6+ 71. Kf4 Nd7
72. Ng6+ Kf6 73. Ke4 Kg5 74. Kf3 e5 75. Ne7 Nf6 76. Nf5 e4+ 77. Kg3 Nxh5+ 0-1

[Event "10th 4NCL Congress"]
[Site "Wakefield"]
[Date "2016.09.11"]
[Round "4.9"]
[White "Clarke, Brandon Gi"]
[Black "Savage, Nicholas W"]
[Result "1-0"]
[WhiteElo "2292"]
[BlackElo "2020"]
[PlyCount "65"]
[EventDate "2016.09.09"]

1. d4 Nf6 2. c4 g6 3. Nc3 Bg7 4. e4 d6 5. Nf3 O-O 6. Be2 Na6 7. O-O e5 8. d5
Nc5 9. Qc2 a5 10. Be3 Ng4 11. Bxc5 dxc5 12. h3 Nh6 13. Rad1 f5 14. a3 f4 15.
Nb5 g5 16. b4 b6 17. bxc5 bxc5 18. d6 c6 19. Nc3 g4 20. hxg4 Bxg4 21. Rd3 Ra7
22. Na4 Bf6 23. Nh2 Rg7 24. Nxg4 Nxg4 25. Bxg4 Rxg4 26. Qe2 Rg6 27. Qf3 Bh4 28.
Rfd1 Qg5 29. d7 Rd8 30. Nxc5 Bg3 31. fxg3 fxg3 32. Qf5 Qh4 33. Qh3 1-0

[Event "10th 4NCL Congress"]
[Site "Wakefield"]
[Date "2016.09.11"]
[Round "4.10"]
[White "Burrows, Martin P"]
[Black "Mccarthy, Damian"]
[Result "1-0"]
[WhiteElo "2157"]
[BlackElo "1877"]
[PlyCount "73"]
[EventDate "2016.09.09"]

1. c4 Nf6 2. Nc3 c5 3. Nf3 g6 4. d4 cxd4 5. Nxd4 Nc6 6. e4 Nxd4 7. Qxd4 d6 8.
Be2 Bg7 9. Be3 O-O 10. Qd2 Be6 11. f3 Qa5 12. Rc1 Rfc8 13. b3 a6 14. Na4 Qxd2+
15. Kxd2 Nd7 16. g4 Rab8 17. Nc3 Kf8 18. h4 h6 19. Nd5 Bxd5 20. cxd5 Ke8 21. b4
Rxc1 22. Rxc1 Kd8 23. a4 Rc8 24. Rxc8+ Kxc8 25. f4 Nf6 26. Kd3 h5 27. g5 Nd7
28. Bd4 Bxd4 29. Kxd4 Nf8 30. a5 Kc7 31. b5 axb5 32. Bxb5 f6 33. gxf6 exf6 34.
e5 fxe5+ 35. fxe5 dxe5+ 36. Kxe5 Nd7+ 37. Bxd7 1-0

[Event "10th 4NCL Congress"]
[Site "Wakefield"]
[Date "2016.09.11"]
[Round "4.11"]
[White "Keely, Leo A"]
[Black "O'gorman, Tom"]
[Result "0-1"]
[WhiteElo "1938"]
[BlackElo "2130"]
[PlyCount "122"]
[EventDate "2016.09.09"]

1. e4 c5 2. Nc3 Nc6 3. f4 g6 4. Nf3 Bg7 5. Bb5 Nd4 6. O-O Nxb5 7. Nxb5 d5 8.
exd5 a6 9. Nc3 Nf6 10. d4 cxd4 11. Qxd4 Bf5 12. Ne5 Bxc2 13. h3 h5 14. Be3 O-O
15. Rac1 Bf5 16. Rcd1 Rc8 17. Qb4 Qc7 18. Bd4 b5 19. Nc6 Rfe8 20. Bc5 Bf8 21.
Rfe1 Nxd5 22. Nxd5 Qxc6 23. Bxe7 a5 24. Qd2 Bg7 25. Bh4 Rxe1+ 26. Qxe1 Bf8 27.
Qe5 Qe6 28. Bf6 Rc2 29. Ne3 Rc5 30. Qxe6 Bxe6 31. Rd8 Rc8 32. Rxc8 Bxc8 33. Nd5
Bc5+ 34. Kh2 Be6 35. Nc7 Bc4 36. b3 Bd3 37. Be5 a4 38. Nd5 Kf8 39. b4 Bf2 40.
a3 Ke8 41. g4 h4 42. g5 Kd7 43. Nf6+ Ke6 44. Kg2 Be3 45. Bb2 Bxf4 46. Nh7 Kf5
47. Kf3 Be4+ 48. Kf2 Bxg5 49. Nxg5 Kxg5 50. Bd4 Kf5 51. Bc5 Ke6 52. Bb6 Kd5 53.
Bd8 Kc4 54. Ke3 Bf5 55. Bxh4 Kb3 56. Kd4 Kxa3 57. Kc5 Bd3 58. Bf6 Ka2 59. Kd4
Bf1 60. h4 a3 61. Kc3 Kb1 0-1

[Event "10th 4NCL Congress"]
[Site "Wakefield"]
[Date "2016.09.11"]
[Round "4.12"]
[White "Bak, Andrew"]
[Black "Sheppard, Derek A"]
[Result "1-0"]
[WhiteElo "2055"]
[BlackElo "1749"]
[PlyCount "75"]
[EventDate "2016.09.09"]

1. d4 d5 2. Nf3 Nf6 3. c4 e6 4. g3 Be7 5. Bg2 O-O 6. O-O c6 7. Nc3 Nbd7 8. Bf4
b6 9. e4 dxe4 10. Ng5 Bb7 11. Ngxe4 Nxe4 12. Bxe4 Nf6 13. Bg2 Qd7 14. Qd2 Rfd8
15. Rfd1 Rac8 16. Qc2 Ba8 17. Rd2 Qe8 18. Rad1 Bd6 19. Bg5 Be7 20. h4 h6 21.
Bf4 Bd6 22. Be3 Ng4 23. Rd3 Nxe3 24. Rxe3 Qf8 25. Bh3 Be7 26. Ne4 Rc7 27. Rf3
Qe8 28. Rfd3 c5 29. d5 exd5 30. cxd5 Bd6 31. Bg2 Bb7 32. Re3 Re7 33. Qe2 Kf8
34. Qh5 Re5 35. Nxd6 Rxh5 36. Rxe8+ Rxe8 37. Nxb7 Rhe5 38. d6 1-0

[Event "10th 4NCL Congress"]
[Site "Wakefield"]
[Date "2016.09.11"]
[Round "4.13"]
[White "Newton, Robert A"]
[Black "Burnett, Jim"]
[Result "0-1"]
[WhiteElo "2006"]
[BlackElo "2121"]
[PlyCount "88"]
[EventDate "2016.09.09"]

1. d4 d5 2. c4 e6 3. Nc3 c6 4. e4 dxe4 5. Nxe4 Bb4+ 6. Bd2 Qxd4 7. Bxb4 Qxe4+
8. Be2 Na6 9. Bc3 Ne7 10. Nf3 O-O 11. O-O f6 12. Bd3 Qg4 13. h3 Qh5 14. Be2 Qf7
15. b4 e5 16. Rc1 Be6 17. b5 Rfd8 18. bxa6 Rxd1 19. Rfxd1 bxa6 20. Bb4 Rc8 21.
Bc5 Ng6 22. Rd6 Nf4 23. Bf1 h6 24. Kh2 Qh5 25. Ng1 e4 26. Bd4 Bf7 27. Rb1 Qa5
28. g3 c5 29. Be3 Ne6 30. Rd2 Nd4 31. Bg2 f5 32. Rc1 Rd8 33. h4 Rd7 34. Rb2 Nc6
35. Nh3 Ne5 36. Bf1 Ng4+ 37. Kg1 Nxe3 38. fxe3 Qa3 39. Rb8+ Kh7 40. Re1 Qc3 41.
Rbb1 Rd2 42. Nf4 Rxa2 43. Bg2 Qc2 44. Rb7 Qf2+ 0-1

[Event "10th 4NCL Congress"]
[Site "Wakefield"]
[Date "2016.09.11"]
[Round "4.14"]
[White "Surtees, Mike J"]
[Black "Hilton, Tim"]
[Result "0-1"]
[WhiteElo "2095"]
[BlackElo "1788"]
[PlyCount "64"]
[EventDate "2016.09.09"]

1. e4 e6 2. f4 d5 3. e5 c5 4. b4 Nc6 5. bxc5 f6 6. Nf3 Nh6 7. d4 fxe5 8. fxe5
Nf5 9. c3 Be7 10. Bd3 O-O 11. O-O b6 12. cxb6 Qxb6 13. Kh1 Bd7 14. a4 Na5 15.
Ra2 Rac8 16. g4 Nh4 17. Nxh4 Bxh4 18. g5 Rxf1+ 19. Qxf1 g6 20. Ba3 Nc4 21. Be7
Ne3 22. Qe2 Qxd4 23. cxd4 Rc1+ 24. Qf1 Nxf1 25. Kg2 Ne3+ 26. Kh3 Be1 27. Rb2
Bxa4 28. Rb8+ Kf7 29. Rb7 Ke8 30. Bf6 Rd1 31. Be2 Rxd4 32. Rxa7 Rh4# 0-1

[Event "10th 4NCL Congress"]
[Site "Wakefield"]
[Date "2016.09.11"]
[Round "4.15"]
[White "Allis, Richard"]
[Black "Gardiner, Eric D"]
[Result "0-1"]
[WhiteElo "2084"]
[BlackElo "1925"]
[PlyCount "76"]
[EventDate "2016.09.09"]

1. d4 d5 2. c4 dxc4 3. Nc3 a6 4. a4 e5 5. d5 Nf6 6. Bg5 h6 7. Bxf6 Qxf6 8. e4
Bc5 9. Qc2 O-O 10. Bxc4 Qg6 11. Kf1 c6 12. Bd3 Bd4 13. Nf3 c5 14. Ne2 Qd6 15.
h3 Nd7 16. g4 Nf6 17. Ng3 Bd7 18. a5 Rab8 19. Nd2 b5 20. axb6 Qxb6 21. Rb1 a5
22. Kg2 Qb4 23. b3 Qc3 24. Qxc3 Bxc3 25. Nc4 Bb5 26. Ne2 Bxc4 27. bxc4 Bb2 28.
Bc2 Rb4 29. Ng3 Rfb8 30. Nf5 Kf8 31. Rhd1 g6 32. Ne3 a4 33. Rxb2 Rxb2 34. Bxa4
Nxe4 35. Bc2 Nd6 36. Kg3 Ra8 37. Kf3 Ra3 38. Bd3 Rxd3 0-1

[Event "10th 4NCL Congress"]
[Site "Wakefield"]
[Date "2016.09.11"]
[Round "4.17"]
[White "Bak, Christopher"]
[Black "Wiltshir, Rich"]
[Result "1-0"]
[WhiteElo "2025"]
[BlackElo "1640"]
[PlyCount "30"]
[EventDate "2016.09.09"]

1. e4 c6 2. d4 d5 3. e5 c5 4. Nf3 cxd4 5. Nxd4 a6 6. c4 dxc4 7. Bxc4 Qa5+ 8.
Nc3 Qxe5+ 9. Be3 Nf6 10. Qa4+ Nbd7 11. O-O-O Rb8 12. Qb3 e6 13. g3 Nc5 14. Qc2
Qc7 15. Bf4 Ncd7 1-0

[Event "10th 4NCL Congress"]
[Site "Wakefield"]
[Date "2016.09.11"]
[Round "4.18"]
[White "Burke, Mitchell R"]
[Black "Moore, Gerald"]
[Result "1/2-1/2"]
[WhiteElo "1967"]
[BlackElo "2072"]
[PlyCount "33"]
[EventDate "2016.09.09"]

1. e4 c5 2. Nf3 e6 3. g3 d5 4. exd5 exd5 5. d4 Nc6 6. Bg2 Nf6 7. O-O Be7 8. c3
O-O 9. dxc5 Bxc5 10. Nbd2 Bf5 11. Nb3 Bb6 12. Bg5 Be4 13. Qd2 h6 14. Be3 Re8
15. Bxb6 Qxb6 16. Rfe1 Rad8 17. Rad1 1/2-1/2

[Event "10th 4NCL Congress"]
[Site "Wakefield"]
[Date "2016.09.11"]
[Round "4.19"]
[White "Doran, Chris"]
[Black "Barker, Arron"]
[Result "1-0"]
[WhiteElo "1981"]
[BlackElo "1910"]
[Annotator "Barnes,Lara"]
[PlyCount "38"]
[EventDate "2016.09.09"]

1. e4 e6 2. d4 d5 3. Nd2 dxe4 4. Nxe4 Be7 5. Bd3 Nf6 6. Nf3 Nxe4 7. Bxe4 Nd7 8.
O-O Nf6 9. Bd3 O-O 10. Ne5 c5 11. dxc5 Bxc5 12. Qe2 Qc7 13. Bf4 Bd6 14. c4 b6
15. Rad1 Bb7 16. a3 a5 17. Rfe1 Rfe8 18. Bg5 Rac8 19. Bd2 Qe7 {score illegible}
1-0

[Event "10th 4NCL Congress"]
[Site "Wakefield"]
[Date "2016.09.10"]
[Round "3.1"]
[White "Merry, Alan B"]
[Black "Hebden, Mark L"]
[Result "0-1"]
[WhiteElo "2396"]
[BlackElo "2516"]
[PlyCount "128"]
[EventDate "2016.09.09"]

1. e4 e5 2. Nf3 Nc6 3. Nc3 Nf6 4. d4 exd4 5. Nxd4 Bb4 6. Nxc6 bxc6 7. Bd3 O-O
8. O-O d5 9. exd5 cxd5 10. h3 Re8 11. Qf3 Rb8 12. Bg5 c6 13. Rad1 Bd6 14. b3
Be5 15. Na4 Qd6 16. Rfe1 Bd7 17. c4 Rbc8 18. Bf5 Bxf5 19. Qxf5 Re6 20. Bxf6
Bxf6 21. Nc5 Rxe1+ 22. Rxe1 Rf8 23. Nd7 Bc3 24. Nxf8 Bxe1 25. Nxh7 f6 26. cxd5
cxd5 27. g4 Bd2 28. g5 fxg5 29. Nxg5 Bxg5 30. Qxg5 d4 31. Qb5 Qg6+ 32. Kf1 Qe4
33. a4 a5 34. Qxa5 d3 35. Kg1 Qe2 36. Qd5+ Kh7 37. Qf5+ Kh6 38. Qf4+ Kg6 39.
Qd6+ Kh7 40. Qa6 Qe1+ 41. Kg2 Qe4+ 42. f3 Qd5 43. Kf2 Qd4+ 44. Kf1 Qd5 45. Kf2
Qd4+ 46. Kf1 Qe3 47. Qc4 Qe2+ 48. Kg1 Qxf3 49. a5 Qe3+ 50. Kg2 d2 51. Qc2+ Kh6
52. Qc6+ Kh5 53. Qd7 Qe2+ 54. Kg3 Qe1+ 55. Kf4 Qf2+ 56. Ke4 Qe2+ 57. Kf4 d1=Q
58. Qf5+ Kh6 59. Qg5+ Kh7 60. Qf5+ Kg8 61. Qc8+ Kf7 62. Qc7+ Qe7 63. Qc4+ Qe6
64. Qc7+ Qdd7 0-1

[Event "10th 4NCL Congress"]
[Site "Wakefield"]
[Date "2016.09.10"]
[Round "3.2"]
[White "Sowray, Peter J"]
[Black "Mcphillips, Joseph"]
[Result "0-1"]
[WhiteElo "2348"]
[BlackElo "2341"]
[PlyCount "134"]
[EventDate "2016.09.09"]

1. e4 e6 2. d4 d5 3. Nd2 Ne7 4. Bd3 Nd7 5. Ngf3 g6 6. e5 c5 7. c3 Nc6 8. O-O
Bg7 9. Re1 O-O 10. Nf1 cxd4 11. cxd4 Qb6 12. Bc2 f6 13. exf6 Nxf6 14. Rb1 Bd7
15. h3 Nb4 16. a3 Nxc2 17. Qxc2 Ne4 18. Be3 Rac8 19. Qd3 Bb5 20. Qb3 Qa6 21.
Rbc1 Bc4 22. Qd1 Qb5 23. N3d2 Qxb2 24. Qg4 Nc3 25. Nxc4 dxc4 26. Qxe6+ Kh8 27.
Ng3 b5 28. Bf4 Nd5 29. Bd6 Qxf2+ 30. Kh2 Nf4 31. Qe4 Rce8 32. Be5 Bxe5 33. dxe5
Qc5 34. Rc3 Qd5 35. a4 a6 36. axb5 axb5 37. Rce3 Kg8 38. e6 Qxe4 39. Rxe4 Re7
40. Ne2 Nxe2 41. R1xe2 Rc8 42. Rc2 Rc6 43. Re5 Rcxe6 44. Rxb5 Rc6 45. Rc3 Kf7
46. Kg3 Ke6 47. Kg4 Kd6 48. Rb8 Kc5 49. Kg5 Re2 50. g4 Rd2 51. h4 Rd5+ 52. Kh6
g5+ 53. Kh5 gxh4+ 54. Kxh4 Rd4 55. Rg8 Rh6+ 56. Kg5 Rg6+ 57. Rxg6 hxg6 58. Rg3
Rd6 59. Kf4 Kd4 60. Rg1 Rf6+ 61. Kg5 Rc6 62. Kf4 Rf6+ 63. Kg5 Re6 64. Rd1+ Kc3
65. Rc1+ Kd3 66. Rd1+ Kc2 67. Rd8 Rc6 0-1

[Event "10th 4NCL Congress"]
[Site "Wakefield"]
[Date "2016.09.10"]
[Round "3.3"]
[White "Horton, Jamie A"]
[Black "Clarke, Brandon Gi"]
[Result "1-0"]
[WhiteElo "2127"]
[BlackElo "2292"]
[PlyCount "125"]
[EventDate "2016.09.09"]

1. d4 g6 2. e4 c5 3. dxc5 Qa5+ 4. Nc3 Bg7 5. Bd2 Qxc5 6. Nd5 Na6 7. Bxa6 bxa6
8. Bb4 Qc6 9. Nf3 Nf6 10. Bc3 Bb7 11. O-O Rg8 12. Nxf6+ Bxf6 13. Bxf6 Qxf6 14.
Re1 Rc8 15. Qd3 Rc7 16. Rab1 Kf8 17. c4 Kg7 18. b3 d6 19. Qd4 Qxd4 20. Nxd4 Rc5
21. f3 Kf6 22. Kf2 a5 23. Nb5 Ba6 24. Nc3 Rb8 25. Nd5+ Ke6 26. Ne3 Kd7 27. Rec1
f5 28. exf5 gxf5 29. Rd1 Kc6 30. g3 Rf8 31. Rd4 Kd7 32. Rbd1 Bb7 33. a3 Ke6 34.
b4 axb4 35. axb4 Re5 36. f4 Re4 37. Rxe4+ Bxe4 38. Ra1 Rb8 39. b5 Rb7 40. Ke2
Kd7 41. Kd2 Rc7 42. Kc3 Kc8 43. Kd4 h5 44. h3 e6 45. g4 hxg4 46. hxg4 Re7 47.
gxf5 exf5 48. Nd5 Bxd5 49. Kxd5 Re4 50. Rxa7 Rxf4 51. Ra6 Rh4 52. Rxd6 f4 53.
Rf6 Kd7 54. Rf5 Kc7 55. c5 Kb7 56. Rf7+ Kb8 57. b6 Kc8 58. c6 Rh5+ 59. Kc4 Rh8
60. Rxf4 Kb8 61. Kb5 Rh5+ 62. Ka6 Rh8 63. Rf7 1-0

[Event "10th 4NCL Congress"]
[Site "Wakefield"]
[Date "2016.09.10"]
[Round "3.4"]
[White "Savage, Nicholas W"]
[Black "Abbas, Daniel"]
[Result "0-1"]
[WhiteElo "2020"]
[BlackElo "2279"]
[PlyCount "38"]
[EventDate "2016.09.09"]

1. d4 Nf6 2. c4 e6 3. Nf3 c5 4. d5 exd5 5. cxd5 d6 6. Nc3 g6 7. Bf4 a6 8. a4
Bg7 9. h3 O-O 10. e3 Re8 11. Be2 Ne4 12. Nxe4 Rxe4 13. Nd2 Rb4 14. Nc4 Nd7 15.
Bxd6 Rxc4 16. Bxc4 Qb6 17. Be7 Qb4+ 18. Qd2 Qxc4 19. Rc1 Qe4 0-1

[Event "10th 4NCL Congress"]
[Site "Wakefield"]
[Date "2016.09.10"]
[Round "3.5"]
[White "Spence, David J"]
[Black "Bin-Suhayl, Ieysaa"]
[Result "1/2-1/2"]
[WhiteElo "2201"]
[BlackElo "1899"]
[PlyCount "110"]
[EventDate "2016.09.09"]

1. e4 c5 2. c3 d5 3. exd5 Qxd5 4. d4 Nf6 5. Nf3 Nc6 6. dxc5 Qxc5 7. Be3 Qd5 8.
Nbd2 e6 9. h3 Be7 10. Be2 O-O 11. O-O b6 12. Qc2 Qd6 13. Rfd1 Qc7 14. c4 Bb7
15. a3 Rac8 16. Rac1 Rfd8 17. Qc3 Nd7 18. Bg5 Nde5 19. Bxe7 Nxf3+ 20. Nxf3 Qxe7
21. Bd3 Qf6 22. Qxf6 gxf6 23. b4 Kg7 24. Be4 Rxd1+ 25. Rxd1 Rd8 26. Rxd8 Nxd8
27. Bxb7 Nxb7 28. Nd4 a5 29. Nb5 axb4 30. axb4 Kf8 31. Kf1 Ke7 32. Ke2 f5 33.
f4 f6 34. Kd3 Kd7 35. g4 fxg4 36. hxg4 e5 37. fxe5 fxe5 38. Ke4 Nd8 39. Nc3 Nc6
40. Nd5 Kd6 41. b5 Nd8 42. Nxb6 Kc5 43. Nc8 Kxc4 44. Nd6+ Kc5 45. Kxe5 h6 46.
Nf5 Nf7+ 47. Kf6 Ng5 48. Nxh6 Nh3 49. Nf5 Nf2 50. Nd4 Nxg4+ 51. Kf5 Ne3+ 52.
Ke4 Nc4 53. Kd3 Nd6 54. Kc3 Nxb5+ 55. Nxb5 Kxb5 1/2-1/2

[Event "10th 4NCL Congress"]
[Site "Wakefield"]
[Date "2016.09.10"]
[Round "3.6"]
[White "Jones, Steven A"]
[Black "Mccarthy, Damian"]
[Result "1-0"]
[WhiteElo "2175"]
[BlackElo "1877"]
[PlyCount "39"]
[EventDate "2016.09.09"]

1. e4 c5 2. Nf3 g6 3. d4 cxd4 4. Nxd4 Nc6 5. Nc3 Bg7 6. Be3 Nf6 7. Bc4 O-O 8.
Bb3 e6 9. O-O d5 10. exd5 exd5 11. h3 Re8 12. Re1 a6 13. Qd2 Be6 14. Rad1 Na5
15. Bg5 Nxb3 16. axb3 Qd7 17. Qd3 Rad8 18. Qf3 Qe7 19. Nxe6 fxe6 20. Nxd5 1-0

[Event "10th 4NCL Congress"]
[Site "Wakefield"]
[Date "2016.09.10"]
[Round "3.7"]
[White "Jaunooby, Ali Reza"]
[Black "Sheppard, Derek A"]
[Result "1-0"]
[WhiteElo "2139"]
[BlackElo "1749"]
[PlyCount "99"]
[EventDate "2016.09.09"]

1. d4 d5 2. Bf4 e6 3. e3 c5 4. c3 Nf6 5. Nd2 Nc6 6. Ngf3 cxd4 7. exd4 Bd6 8.
Bg3 Qc7 9. Bd3 Bd7 10. Qe2 a6 11. Ne5 O-O 12. f4 b5 13. a3 Na5 14. Bh4 Be7 15.
g4 Nc4 16. g5 Nxe5 17. fxe5 Ne4 18. Nxe4 dxe4 19. Qxe4 g6 20. O-O Bc6 21. Qg4
Qd8 22. Rf4 a5 23. Raf1 b4 24. axb4 axb4 25. Bc4 Bd5 26. Bxd5 Qxd5 27. Qf3 Qxf3
28. R1xf3 Ra2 29. b3 bxc3 30. Rxc3 Rb2 31. Rc7 Bb4 32. Rf3 Rb1+ 33. Kg2 Rd1 34.
Bf2 Rd2 35. h4 Rb2 36. Kg3 Bd2 37. Kg4 Rb1 38. Bg3 Rc1 39. Rb7 Bc3 40. Bf2 Bd2
41. Rd3 Rc2 42. Bg3 Rfc8 43. Rf3 R8c7 44. Rb8+ Rc8 45. Rb7 R8c7 46. Rb5 Rb2 47.
Rb8+ Kg7 48. d5 Rc4+ 49. Kh3 exd5 50. e6 1-0

[Event "10th 4NCL Congress"]
[Site "Wakefield"]
[Date "2016.09.10"]
[Round "3.8"]
[White "Newton, Robert A"]
[Black "Levitt, Jonathan P"]
[Result "0-1"]
[WhiteElo "2006"]
[BlackElo "2415"]
[PlyCount "92"]
[EventDate "2016.09.09"]

1. d4 Nf6 2. c4 e6 3. Nc3 Bb4 4. Qc2 b6 5. e4 Bb7 6. Bd3 Nc6 7. Nf3 d6 8. d5
Bxc3+ 9. Qxc3 Ne7 10. O-O Ng6 11. b4 O-O 12. Re1 Nd7 13. Bg5 Qc8 14. Bf1 h6 15.
Bd2 c5 16. dxc6 Bxc6 17. Nd4 Qc7 18. Qg3 Kh7 19. Rac1 Rac8 20. Nb5 Bxb5 21.
cxb5 Qb8 22. f4 Nf6 23. e5 Rxc1 24. Bxc1 Nd5 25. Bd3 dxe5 26. fxe5 Kh8 27. Bxg6
fxg6 28. Qxg6 Qe8 29. Qxe8 Rxe8 30. Bd2 Rc8 31. Kf2 Rc2 32. Re2 Rxa2 33. Be1
Rxe2+ 34. Kxe2 Nc7 35. Kd3 Nxb5 36. Kc4 Nc7 37. g4 Kg8 38. h4 Kf7 39. b5 Kg6
40. Bb4 h5 41. g5 Kf5 42. Bd6 Nd5 43. Kd4 Kg4 44. g6 Kxh4 45. Bf8 Kg5 46. Bxg7
Kxg6 0-1